Представление документа в формате RUSMARC

ПолеНазваниеЗначение
  Тип записи a
  Библиографический уровень a
001 Контрольный номер RU/CBS_UL/BASE/556821999
005 Дата корректировки 20250122233008.8
100 Данные общей обработки __
a Данные общей обработки 20170823d2017 ||| 0rusy0189 ca
101 Язык документа 0_
a Язык текста rus
102 Страна публикации __
a Страна публикации RU
105 Кодированные данные (монография) __
a Кодированные данные (монография) y###||||000|y
200 Заглавие и сведения об ответственности 1_
a Заглавие Какая польза от ремня?
b Общее обозначение материала Текст
e Сведения, относящиеся к заглавию [о необходимости использования ремней безопасности во время движения автомобиля]
f Первые сведения об ответственности С. Дорофеева
300 Общие примечания __
a Общие примечания Ограничения по возрасту - 16+
461 Уровень набора _0
1 2000
a Аргументы и факты
463 Уровень физической единицы _0
1 001RU/CBS_UL/BASE/556817087
1 2000
a № 34 (23-29 августа)
v С. 10 : ил.
1 210
d 2017
606 Тематические рубрики 0_
a Основная рубрика Автомобильный транспорт - Безопасность движения
610 Ключевые слова 0_
a Ключевые слова транспорт
a Ключевые слова транспорт автомобильный
a Ключевые слова безопасность
a Ключевые слова безопасность движения
a Ключевые слова безопасность дорожного движения
a Ключевые слова ремни безопасности
686 Индексы других классификаций __
a Классификационный индекс 39.808
2 Код системы ББК
700 Автор _1
a Фамилия Дорофеева
b Имя (инициалы) С.
801 Источник записи _0
a Страна RU
b Организация МБУК ЦБС г. Ульяновска
c Дата составления 20170823
g Правила каталогизации RCR
801 Источник записи _1
a Страна RU
b Организация МБУК ЦБС г. Ульяновска
c Дата составления 20170823
g Правила каталогизации RCR
901 Тип документа __
t Тип документа f
w Контрольный № источника RU/CBS_UL/BASE/556817087
910 Корректоры записи __
a Корректор записи Библиотека 1
938 Служебная информация __
a Имя БД period